000 00773nam a22001695i 4500
001 173817
003 ES-MaACL
005 20230906215344.0
008 100122s1853 sp |||| | spa d
100 1 _aGuerrero, Teodoro.
_9148902
245 1 0 _aCarlos Broschi
_b: zarzuela en tres actos y en verso /
_coriginal de Teodoro Guerrero ; música de Joaquín Espin y Guillen.
260 _aMadrid :
_b[s.n.],
_c1853 (
_fImp. de fue de Operarios, á cargo de Joaquín Muñoz)
300 _a77 p. ;
_c18 cm.
500 _aSolo la letra.
700 1 _aEspín y Guillén, Joaquín.
_9142009
852 _aES-MaACL
_jF-8616(12)
_z.- Enc. pasta española
_q.- Falto de la cub. original
_z.- Enc. en un vol. facticio formando parte de la col. facticia "Teatro español moderno", vol. 71
999 _c173817
_d173817